Analysis of the retail trends in Slovakia in relation to the global trends

Porovnanie trendov na globálnom trhu a na domácom trhu v súčasnosti. Objem maloobchodu na Slovensku, v Európe a vo svete. Porozumenie požiadavkám spotrebiteľa je kľúčom k úspechu.

Salvato in:
Dettagli Bibliografici
Autore principale: Petrovčiková, Katarína, 1977-
Natura: Capitolo di libro
Lingua:inglese
Soggetti:
Tags: Aggiungi Tag
Nessun Tag, puoi essere il primo ad aggiungerne!!

MARC

LEADER 00000nla a2200000 4500
001 0226697
005 20240502073732.6
041 0 |a eng 
044 |a SK 
245 1 0 |a Analysis of the retail trends in Slovakia in relation to the global trends  |c Katarína Petrovčíková 
520 |a Porovnanie trendov na globálnom trhu a na domácom trhu v súčasnosti. Objem maloobchodu na Slovensku, v Európe a vo svete. Porozumenie požiadavkám spotrebiteľa je kľúčom k úspechu. 
610 2 0 |a maloobchod 
610 2 0 |a obchodníci 
610 2 0 |a svet 
610 2 0 |a Európa 
610 2 0 |a Slovensko 
610 2 0 |a výkonnosť 
610 2 0 |a globalizácia 
100 1 |a Petrovčiková, Katarína, 1977-